| 000 | 00961cam a2200265 4500 | ||
|---|---|---|---|
| 008 | 000000n1999 000 0 eng u | ||
| 020 | _a0854069747 | ||
| 035 | _a(Sirsi) u100325 | ||
| 041 | _aeng | ||
| 050 | _a333.33091 | ||
| 100 | _aDe Magalhaes, Claudio | ||
| 245 | _aGlobal players and local markets: The european expansion of British property consultants and the transformation of local property markets. | ||
| 260 |
_aLondon _bRICS _c1999 |
||
| 300 | _aiv, 42p. ; 30cm. | ||
| 350 | _a9.95 | ||
| 520 | _aA report on research funded by the education trust of the Royal Institution of Chartered Surveyors and carried out by Claudio Magalhaes of the University of Newcastle. | ||
| 650 | _aOVERSEAS | ||
| 650 | _aEUROPE | ||
| 650 | _aMILAN | ||
| 650 | _aMADRID | ||
| 650 | _aPROPERTY CONSULTANTS | ||
| 690 | _aPROPERTY-COMMERCIAL PROPERTY-COMMERCIAL PROPERTY MARKET | ||
| 710 | _aThe Royal Institution of Chartered Surveyors. | ||
| 942 | _n0 | ||
| 999 |
_c99679 _d99679 |
||